Sri Krishana Lila: (Record no. 154331)

MARC details
000 -LEADER
fixed length control field 00733nam a22001937a 4500
005 - DATE AND TIME OF LATEST TRANSACTION
control field 20180718171254.0
010 ## - LCCN (DPL NO)
LC control number B-164279
020 ## - INTERNATIONAL STANDARD BOOK NUMBER
International Standard Book Number 817305181-X
Terms of availability 690.00
035 ## - SYSTEM CONTROL NUMBER
System control number B-164279
037 ## - SOURCE OF ACQUISITION
Source of stock number/acquisition Aryan Books International
082 ## - DEWEY DECIMAL CLASSIFICATION NUMBER
Classification number 230.1
245 ## - TITLE STATEMENT
Title Sri Krishana Lila:
Remainder of title the complete life of bhagavan shi krishna
Statement of responsibility, etc Vanamali
260 ## - PUBLICATION, DISTRIBUTION, ETC. (IMPRINT)
Place of publication, distribution, etc New Delhi
Name of publisher, distributor, etc Aryan Books International
Date of publication, distribution, etc 2006
270 ## - ADDRESS
Address pooja Apartments, 4B, Ansari Road, Daryaganj, New Delhi-110002
City New Delhi
Postal code 110002
300 ## - PHYSICAL DESCRIPTION
Extent 414p.
Dimensions 23cm(hbk)
700 ## - ADDED ENTRY--PERSONAL NAME
Personal name Vanamali
942 ## - ADDED ENTRY ELEMENTS (KOHA)
Source of classification or shelving scheme Dewey Decimal Classification
Item type English Books
Classification part 230.1
Call number suffix VAN
Holdings
Withdrawn status Lost status Not for loan Collection code Home library Current library Date acquired Full call number Barcode Koha item type
      Non-fiction Sarojini Nagar Sarojini Nagar 18/07/2018 230.1 VAN B-164279 English Books

© Delhi Public Library
Hit Counter
free hit counter